00490 2200169 4500001002100000005001700021008004100038035002400079082001000103090001500113245009600128260002700224300002100251650001900272852000900291990002000300YOGYA-0311000000046420110328131410.0 ind  0010-031100000000464 a324.7 a324.7bGer aGERAKAN sosialbKonsep, strategi, aktor, hambatan dan tantangan Gerakan Sosial di Indonesia aMalangbAvweroesc2006 a124 hlm.c20 cm. aGerakan sosial aBPAD a1080-PD/P.08b1